00166nam a22000737a 4500003000400000245004700004260003300051300000800084SGT aJournal of Oral & Facial Pain and Headache bQuintessence Publisherc2021 a349